000 00427nam a22001575i 4500
005 20250901165813.0
008 241120s2025 ctu 000 0 eng
010 _a 2024950803
020 _a9966446737
050 _aPL 8704 .K49 2005
100 1 _aKezilahabi, Euphrase,
_d1971-
_eauthor.
245 1 0 _aRosa Mistika
_cEuphrase Kezilahabi
260 _aDar-es-Salaam:
_bKLB,
_c1992.
300 _a98 pages:
_c21 cm.
942 _2lcc
999 _c9430
_d9430